[Event "London Classic Open 2015"]
[Site "London ENG"]
[Date "2015.12.06"]
[Round "4.79"]
[White "Simpson, Ben"]
[Black "Jameson, David"]
[Result "0-1"]
[WhiteElo "1865"]
[BlackElo "2088"]
[WhiteFideId "444405"]
[BlackFideId "1801538"]
[EventDate "2015.12.04"]

1. d4 d5 2. c4 c6 3. Nf3 Nf6 4. e3 e6 5. Qc2 Nbd7 6. b3 Be7 7. Bd3 h6 8. O-O O-O
9. Nbd2 b6 10. Bb2 Bb7 11. Ne5 Nxe5 12. dxe5 Nd7 13. f4 f5 14. exf6 Bxf6 15. Nf3
Bxb2 16. Qxb2 Qf6 17. Qxf6 Rxf6 18. Rac1 c5 19. Rcd1 Rd8 20. g3 Nb8 21. cxd5
exd5 22. e4 Rff8 23. exd5 Bxd5 24. Ne5 Nc6 25. Nxc6 Bxc6 26. Bc4+ Kh7 27. a4
Rfe8 28. Kf2 g6 29. Rfe1 Rxd1 30. Rxd1 Re7 31. Rd6 Be8 32. g4 Kg7 33. f5 Rd7 34.
f6+ Kf8 35. Rd5 Rxd5 36. Bxd5 Bf7 37. Be4 Bxb3 38. Bxg6 Bxa4 39. h4 Be8 40. Bxe8
Kxe8 41. g5 hxg5 42. hxg5 a5 43. Ke3 a4 44. Kd3 b5 45. g6 a3 46. Kc3 b4+ 47. Kb3
Kf8 48. f7 Kg7 49. Ka2 c4 50. Kb1 b3 51. Ka1 c3 0-1

[Event "London Classic Open 2015"]
[Site "London ENG"]
[Date "2015.12.06"]
[Round "4.80"]
[White "Fernandez Aransay, Fernando"]
[Black "Kalavannan, Koby"]
[Result "0-1"]
[WhiteElo "1826"]
[BlackElo "2088"]
[WhiteFideId "2216280"]
[BlackFideId "425753"]
[EventDate "2015.12.04"]

1. e4 c5 2. Nf3 Nc6 3. d4 cxd4 4. Nxd4 g6 5. Be3 Bg7 6. Nc3 Nf6 7. Bc4 Qa5 8.
O-O O-O 9. Bb3 d6 10. h3 Bd7 11. Re1 Rac8 12. Nd5 Rfe8 13. Bg5 Nxd4 14. Bxf6
Nxc2 15. Nxe7+ Rxe7 16. Bxe7 Nxe1 17. Qxe1 Qe5 18. Bh4 Qxb2 19. Rd1 Be5 20. Qa5
a6 21. Qd5 Be6 22. Qxb7 Rc1 23. Qa8+ Kg7 24. Rf1 Bxb3 25. axb3 Qa1 26. Qxa6
Rxf1+ 27. Qxf1 Bh2+ 0-1

[Event "London Classic Open 2015"]
[Site "London ENG"]
[Date "2015.12.06"]
[Round "4.81"]
[White "Giakoustidis, Spiros-Avgerinos"]
[Black "Gaudeau, Valentin"]
[Result "0-1"]
[WhiteElo "1824"]
[BlackElo "2080"]
[WhiteFideId "4208668"]
[BlackFideId "662216"]
[EventDate "2015.12.04"]

1. d4 f5 2. Bg5 g6 3. Nc3 Bg7 4. h4 d5 5. e3 Nh6 6. Nf3 Nf7 7. Bf4 e6 8. Be2 O-O
9. Ng5 c6 10. g4 Nxg5 11. hxg5 Nd7 12. gxf5 exf5 13. Qd2 Rf7 14. O-O-O Nf8 15.
Na4 Ne6 16. Rdg1 Bf8 17. c4 b6 18. cxd5 cxd5 19. Nc3 Bb7 20. Be5 Nxg5 21. f4 Ne4
22. Nxe4 dxe4 23. Rxg6+ Bg7 24. Rxg7+ Rxg7 25. Bxg7 Rc8+ 26. Kb1 Kxg7 27. Bd1
Ba6 28. Be2 Bxe2 29. Qxe2 Qc7 30. a3 Kh8 31. d5 Rd8 32. Qd2 Qc5 33. Rd1 Rd6 34.
b4 Qc4 35. Qb2+ Kg8 36. Rg1+ Rg6 37. Rxg6+ hxg6 38. Qd2 Qb3+ 39. Kc1 Qxa3+ 40.
Kd1 Kf7 41. Qd4 Qd3+ 42. Qxd3 exd3 43. Kd2 Ke7 44. Kxd3 a5 45. b5 Kd6 46. Kd4 a4
47. Kc4 a3 48. Kb3 Kxd5 49. Kxa3 Ke4 50. Kb3 Kxe3 51. Kc4 Kxf4 52. Kd5 g5 0-1

[Event "London Classic Open 2015"]
[Site "London ENG"]
[Date "2015.12.06"]
[Round "4.82"]
[White "Mulay, Partha"]
[Black "Seymour, Timothy P"]
[Result "0-1"]
[WhiteElo "1780"]
[BlackElo "2080"]
[WhiteFideId "436038"]
[BlackFideId "412112"]
[EventDate "2015.12.04"]

1. e4 d5 2. exd5 Nf6 3. d4 Bg4 4. Be2 Bxe2 5. Nxe2 Qxd5 6. O-O Nc6 7. Nbc3 Qh5
8. Ng3 Qg6 9. Be3 O-O-O 10. Qe2 e6 11. Rfd1 Ng4 12. d5 Nxe3 13. Qxe3 exd5 14.
Rxd5 Bd6 15. Nge4 Be5 16. Rad1 Rde8 17. Qc5 Bxc3 18. Nxc3 Qxc2 19. R5d2 Qxd2 0-1

[Event "London Classic Open 2015"]
[Site "London ENG"]
[Date "2015.12.06"]
[Round "4.84"]
[White "Brugo, Marco"]
[Black "Harstad, Christian"]
[Result "1/2-1/2"]
[WhiteElo "2071"]
[BlackElo "1954"]
[WhiteFideId "806609"]
[BlackFideId "1504045"]
[EventDate "2015.12.04"]

1. d4 Nf6 2. c4 g6 3. f3 Bg7 4. e4 d6 5. Nc3 O-O 6. Be3 c5 7. Nge2 Nc6 8. d5 Ne5
9. Ng3 e6 10. Be2 exd5 11. cxd5 h5 12. h4 a6 13. a4 Rb8 14. Qd2 Bd7 15. a5 b5
16. axb6 Rxb6 17. Rxa6 Qb8 18. Rxb6 Qxb6 19. O-O Rb8 20. b4 Qc7 21. bxc5 dxc5
22. Rb1 Rxb1+ 23. Nxb1 Nxf3+ 24. Bxf3 Qxg3 25. Bf2 Qe5 26. Qc2 Ng4 27. Bxg4 hxg4
28. g3 f5 29. Nd2 fxe4 30. Qxe4 Qc3 31. Qe3 Qc1+ 32. Nf1 Qb1 33. Qe1 Qxe1 34.
Bxe1 Kf7 35. Ne3 Bd4 36. Bf2 Kf6 37. Ng2 Be5 38. Nf4 Bxf4 39. gxf4 c4 40. Bd4+
Kf5 41. Kf2 Kxf4 42. Bc3 Ke4 43. Ke2 g3 44. d6 Bg4+ 45. Kf1 Kd3 46. Be5 Bh3+ 47.
Kg1 c3 48. Bxg3 Ke3 49. Be5 c2 50. Bb2 Kf3 51. Bc1 Bd7 52. Kf1 Ke4 53. Ke2 Ke5
54. Kd2 1/2-1/2

[Event "London Classic Open 2015"]
[Site "London ENG"]
[Date "2015.12.06"]
[Round "4.85"]
[White "Charisiadis, Archimidis"]
[Black "Sucikova, Svetlana"]
[Result "1-0"]
[WhiteElo "1740"]
[BlackElo "2070"]
[WhiteFideId "4240081"]
[BlackFideId "14923653"]
[EventDate "2015.12.04"]

1. d4 d5 2. c4 e6 3. Nc3 c6 4. Nf3 Nf6 5. Bg5 Be7 6. e3 O-O 7. Qc2 Nbd7 8. Rd1
Re8 9. a3 b6 10. Bd3 Bb7 11. O-O Qc8 12. Rfe1 c5 13. Qe2 cxd4 14. Nxd4 dxc4 15.
Bxc4 Ne5 16. Ba2 Nd5 17. Nxd5 Bxg5 18. Rc1 Qd8 19. Nc7 Bf6 20. Nxe8 Qxe8 21.
Red1 Qe7 22. Nb5 Ba6 23. a4 Qb4 24. Rd4 Qf8 25. Qd1 Rc8 26. Rxc8 Qxc8 27. b4 h6
28. Nd6 Qc3 29. b5 Bc8 30. Ne4 Qc7 31. Nxf6+ gxf6 32. f4 Nd7 33. Rc4 Nc5 34.
Qg4+ Kh7 35. Bb1+ f5 36. Qe2 Qd6 37. Rd4 Qe7 38. e4 Nb3 39. Rc4 Qd7 40. exf5
exf5 41. Qd3 Qe6 42. Rxc8 Nd4 43. Rh8+ Kxh8 44. Qxd4+ Kh7 45. Bd3 Kg6 46. h3
Qe1+ 47. Kh2 1-0

[Event "London Classic Open 2015"]
[Site "London ENG"]
[Date "2015.12.06"]
[Round "4.87"]
[White "De Abreu, Roberto N"]
[Black "Burbidge, Duncan R"]
[Result "1-0"]
[WhiteTitle "FM"]
[WhiteElo "2056"]
[BlackElo "1943"]
[WhiteFideId "14307472"]
[BlackFideId "412198"]
[EventDate "2015.12.04"]

1. d4 e6 2. c4 b6 3. e4 Bb7 4. Bd3 d5 5. cxd5 exd5 6. e5 Bb4+ 7. Bd2 Qe7 8. Qa4+
Nc6 9. Ba6 Bxd2+ 10. Nxd2 Qb4 11. Qxb4 Nxb4 12. Bxb7 Rb8 13. a3 Nc2+ 14. Kd1
Nxa1 15. Bxd5 Ne7 16. Be4 a5 17. b3 b5 18. Kc1 a4 19. b4 c6 20. Kb2 Nb3 21. Nxb3
axb3 22. Nf3 O-O 23. Rc1 Rb6 24. Nd2 f6 25. f3 f5 26. Bd3 Nd5 27. Nxb3 Nf4 28.
Bb1 Nxg2 29. Na5 Nh4 30. Rxc6 Rxc6 31. Nxc6 Nxf3 32. Ba2+ Kh8 33. e6 Ng5 34. d5
Ne4 35. Bb1 Nd6 36. Kc3 f4 37. Kd4 f3 38. e7 Rc8 39. Kc5 Nc4 40. d6 Nxd6 41.
Kxd6 f2 42. Bd3 Kg8 43. Kd7 1-0

[Event "London Classic Open 2015"]
[Site "London ENG"]
[Date "2015.12.06"]
[Round "4.88"]
[White "Guo, Emma"]
[Black "Disu, Kayode"]
[Result "1/2-1/2"]
[WhiteTitle "WIM"]
[WhiteElo "2050"]
[BlackElo "1910"]
[WhiteFideId "3200795"]
[BlackFideId "432849"]
[EventDate "2015.12.04"]

1. d4 d5 2. c4 e6 3. Nf3 c6 4. e3 f5 5. Nc3 Nf6 6. Ne5 Bd6 7. Be2 O-O 8. O-O Ne4
9. f3 Nxc3 10. bxc3 Nd7 11. f4 Nf6 12. Qb3 Ne4 13. cxd5 exd5 14. c4 Bc7 15. a4
Rb8 16. cxd5 cxd5 17. Ra2 Rf6 18. Bf3 Be6 19. Rc2 Rh6 20. Ba3 Bb6 21. Bb4 Rc8
22. a5 Bc7 23. Qa3 Bxe5 24. Rxc8 Bxc8 25. dxe5 Qh4 26. h3 Rc6 27. Qd3 Be6 28.
Qd1 Rc4 29. Qa4 Qd8 30. Qb5 Qc8 31. Bxe4 Rxe4 32. Bc5 a6 33. Qb6 Rc4 34. Bd4 Rc6
35. Qb3 Qc7 36. Rb1 Rc1+ 37. Rxc1 Qxc1+ 38. Kh2 Qc6 39. Qb4 Kf7 40. Bb6 Ke8 41.
Bc5 Qb5 42. Qa3 Kf7 43. Bf8 Qe8 44. Bd6 Qb5 45. Qc3 Qc6 46. Qd4 h6 47. Qa7 Kg8
48. Bb4 Kh7 49. Bd6 1/2-1/2

[Event "London Classic Open 2015"]
[Site "London ENG"]
[Date "2015.12.06"]
[Round "4.89"]
[White "Burke, John S"]
[Black "Misyura, Ilya"]
[Result "1-0"]
[WhiteElo "2049"]
[BlackElo "1843"]
[WhiteFideId "404322"]
[BlackFideId "434183"]
[EventDate "2015.12.04"]

1. d4 d5 2. Nf3 Nf6 3. e3 e6 4. Bd3 c5 5. b3 Nc6 6. a3 Bd6 7. Bb2 O-O 8. Nbd2 b6
9. O-O Bb7 10. Ne5 Qc7 11. f4 Ne7 12. Ndf3 Ne4 13. Qe1 f6 14. c4 Nf5 15. Ng4 h5
16. Nf2 g6 17. Rc1 Qe7 18. Ra1 a6 19. Nd1 dxc4 20. bxc4 g5 21. fxg5 fxg5 22. Ne5
Bxe5 23. dxe5 Rad8 24. Bb1 Rxd1 25. Qxd1 Rd8 26. Qxh5 Nxe3 27. Qg6+ Qg7 28.
Qxe6+ Kh8 29. Qh3+ Kg8 30. Qe6+ Kh8 31. Qh3+ Kg8 32. Qxe3 Rd2 33. Bxe4 Rxb2 34.
Rf6 Qd7 35. Qxg5+ Qg7 36. Rg6 1-0

[Event "London Classic Open 2015"]
[Site "London ENG"]
[Date "2015.12.06"]
[Round "4.90"]
[White "Myall, Ivan J"]
[Black "Fontaine, Olivier"]
[Result "1-0"]
[WhiteElo "2048"]
[BlackElo "1826"]
[WhiteFideId "425168"]
[BlackFideId "666548"]
[EventDate "2015.12.04"]

1. e4 d5 2. exd5 Qxd5 3. Nf3 Nf6 4. d4 g6 5. c4 Qd6 6. Nc3 c6 7. h3 Bg7 8. Be3
O-O 9. Qd2 Re8 10. Be2 Nbd7 11. Bf4 Qb4 12. Bc7 b6 13. a3 Qa5 14. O-O Qa6 15.
Bh2 Qb7 16. Rac1 a5 17. Ne5 Nxe5 18. dxe5 Nd7 19. Qe3 Nc5 20. Bf3 Ne6 21. Na4
Rb8 22. b4 Qc7 23. c5 b5 24. Nb6 Rd8 25. Rfd1 Bd7 26. Bg4 Be8 27. Bxe6 fxe6 28.
bxa5 Rxd1+ 29. Rxd1 Rd8 30. Rxd8 Qxd8 31. Bf4 Qc7 32. Qb3 Bd7 33. Qc3 Be8 34. a6
g5 35. Bg3 h5 36. f4 h4 37. Bh2 gxf4 38. Bxf4 Kh7 39. Qe1 Kg8 40. Kh2 Bg6 41.
Qxh4 Qa7 42. Qg5 Kh7 43. Nc8 Qxa6 44. Nxe7 1-0

[Event "London Classic Open 2015"]
[Site "London ENG"]
[Date "2015.12.06"]
[Round "4.91"]
[White "Praczukowski, Stanislaw"]
[Black "Klingher, Dominic"]
[Result "0-1"]
[WhiteElo "2038"]
[BlackElo "1758"]
[WhiteFideId "1182730"]
[BlackFideId "428850"]
[EventDate "2015.12.04"]

1. d4 Nf6 2. c4 g6 3. f3 Bg7 4. e4 d6 5. Nc3 O-O 6. Nge2 e5 7. Bg5 h6 8. Be3
Nbd7 9. Qd2 c6 10. O-O-O h5 11. Kb1 a6 12. d5 c5 13. Nc1 Rb8 14. Be2 Ne8 15. g4
Ndf6 16. Rdg1 Bd7 17. Bh6 b5 18. h3 Kh7 19. Bxg7 Nxg7 20. Bd3 Qa5 21. cxb5 axb5
22. Qg5 Ng8 23. f4 f6 24. Qh4 Be8 25. gxh5 Nxh5 26. Be2 c4 27. f5 g5 28. Qe1 b4
29. Nd1 c3 30. b3 Nh6 31. Bg4 Nf4 32. h4 Bb5 33. Qe3 c2+ 34. Kxc2 Rfc8+ 35. Kb1
Qa3 36. Nb2 Rc3 37. Qd2 Ra8 38. hxg5 fxg5 39. f6 Rxc1+ 40. Rxc1 Qxa2+ 41. Kc2
Bd3+ 42. Kd1 Qxb3+ 43. Ke1 Bxe4 44. Rc7+ Kg6 45. Rxh6+ Kxh6 46. Qh2+ Nh3 47.
Qxh3+ Qxh3 48. Bxh3 Rf8 49. Be6 Rxf6 50. Rc4 Rf4 51. Rxb4 g4 52. Rb7 g3 53. Bh3
Bxd5 54. Rd7 Rf6 55. Nd3 g2 56. Bxg2 Bxg2 57. Nf2 Bf3 58. Kd2 d5 59. Re7 Rf5 60.
Ke3 d4+ 61. Kd3 Bh5 62. Re6+ Kg5 63. Ne4+ Kf4 64. Nf6 Bf3 65. Rb6 Rg5 66. Nd7
Be4+ 67. Kc4 Rg6 68. Rb5 Rc6+ 69. Kb3 d3 0-1

[Event "London Classic Open 2015"]
[Site "London ENG"]
[Date "2015.12.06"]
[Round "4.92"]
[White "Bullen, Alex"]
[Black "Barasi, Paul Dl"]
[Result "1-0"]
[WhiteElo "2026"]
[BlackElo "1736"]
[WhiteFideId "1801627"]
[BlackFideId "432830"]
[EventDate "2015.12.04"]

1. e4 c5 2. Nf3 a6 3. c3 g6 4. d4 cxd4 5. Qxd4 Nf6 6. e5 Nc6 7. Qh4 Nh5 8. Bc4
Qc7 9. Qe4 f5 10. Qe2 e6 11. h3 b5 12. Bb3 Bb7 13. g4 Ng7 14. Rg1 fxg4 15. hxg4
O-O-O 16. Bg5 Re8 17. Nbd2 h5 18. gxh5 Rxh5 19. Bf6 Nf5 20. Rxg6 Rh1+ 21. Nf1
Bh6 22. Bc2 Nfe7 23. Rg4 Nd5 24. Bg5 Bg7 25. Bd8 Rxd8 26. Rxg7 Nf4 27. Qe3 Nxe5
28. Nxe5 Ng2+ 29. Rxg2 Bxg2 30. Bd3 d6 31. Ng4 Bxf1 32. Qxe6+ Rd7 33. Bxf1 Rxf1+
34. Kxf1 Kb8 35. Nf6 Re7 36. Qg8+ Ka7 37. Re1 Rxe1+ 38. Kxe1 Qe7+ 39. Kf1 Qxf6
40. Qd5 Qg6 41. Qd1 Kb8 42. f3 Kc7 43. Ke2 Qe6+ 44. Kd2 Qxa2 45. Qc2 Qg8 46. Qe4
Qg2+ 47. Qe2 Qg5+ 48. Kc2 Qf5+ 49. Kb3 Qf7+ 50. Ka3 Qd5 51. Qe7+ Kb8 52. Qe3 Qc6
53. f4 Kb7 54. f5 Qd5 55. f6 Qd1 56. Qe4+ Kc7 57. f7 d5 58. Qd4 Qf1 59. Ka2 Kc6
60. Qa7 b4 61. Qa8+ Kb6 62. Qb8+ Kc6 63. Qc8+ Kb5 64. Qb7+ 1-0

[Event "London Classic Open 2015"]
[Site "London ENG"]
[Date "2015.12.06"]
[Round "4.93"]
[White "Hung, Jake"]
[Black "Feldman, Antony"]
[Result "0-1"]
[WhiteElo "1650"]
[BlackElo "2024"]
[WhiteFideId "426431"]
[BlackFideId "2804565"]
[EventDate "2015.12.04"]

1. c4 e6 2. g3 d5 3. Bg2 Nf6 4. Nf3 Be7 5. O-O O-O 6. b3 b6 7. d4 Nbd7 8. Bb2
Ba6 9. Nbd2 Rc8 10. Rc1 c5 11. Re1 cxd4 12. cxd5 Nxd5 13. Nxd4 Nc5 14. Ne4 Bb7
15. Nxc5 Bxc5 16. Nc2 Qe7 17. e4 Nb4 18. Nxb4 Bxb4 19. Rxc8 Bxc8 20. Re3 Bc5 21.
Rd3 e5 22. Kh1 Bxf2 23. Qc2 Bc5 24. Rc3 Bd7 25. b4 Bd4 26. Rc7 Qxb4 27. Bxd4
Qxd4 28. Bf1 h6 29. Rxa7 Rc8 30. Qb1 Bc6 31. Bd3 Qe3 32. Bc2 Bxe4+ 33. Bxe4 Rc1+
34. Qxc1 Qxc1+ 35. Kg2 Qb2+ 36. Kh3 g6 37. Bd5 Qf2 38. g4 Qe3+ 39. Kh4 g5+ 0-1

[Event "London Classic Open 2015"]
[Site "London ENG"]
[Date "2015.12.06"]
[Round "4.95"]
[White "Dukaczewski, Piotr"]
[Black "Hagesather, Arne"]
[Result "0-1"]
[WhiteTitle "IM"]
[WhiteElo "2280"]
[BlackElo "2055"]
[WhiteFideId "1103520"]
[BlackFideId "1502476"]
[EventDate "2015.12.04"]

1. c4 Nf6 2. g3 c6 3. Bg2 d5 4. b3 dxc4 5. bxc4 Qd4 6. Nc3 Qxc4 7. Nf3 Nbd7 8.
Bb2 e5 9. O-O Bd6 10. d3 Qa6 11. d4 exd4 12. Nxd4 Ba3 13. Rb1 O-O 14. Ba1 Ne5
15. Qb3 Bc5 16. Na4 Bb6 17. Rfc1 Rd8 18. Nxb6 axb6 19. f4 Ng6 20. Rc2 b5 21. Qf3
Qa4 22. Qd3 Be6 23. Rd1 Bxa2 24. Rcc1 Bc4 25. Qf5 Bxe2 26. Re1 Bg4 27. Qc5 Nd7
28. Qg5 Nf6 29. Nf5 Bxf5 30. Qxf5 Qa7+ 31. Kh1 Rd2 32. Bxf6 Qf2 33. Rg1 gxf6 34.
Qxf6 Raa2 35. f5 Qa7 36. fxg6 hxg6 37. Rce1 Qb8 38. Re7 Rf2 39. Qd4 Rad2 40. Qe3
Qd6 41. Rxb7 Rde2 42. Qc1 Rc2 43. Qh6 Rxg2 44. Rf1 Rg1+ 0-1

[Event "London Classic Open 2015"]
[Site "London ENG"]
[Date "2015.12.06"]
[Round "4.96"]
[White "Reutimann, Hans Peter"]
[Black "Cannon, Raymond C"]
[Result "1-0"]
[WhiteElo "1717"]
[BlackElo "1985"]
[WhiteFideId "1313886"]
[BlackFideId "408018"]
[EventDate "2015.12.04"]

1. d4 Nf6 2. Nf3 c5 3. c3 b6 4. Bf4 Bb7 5. e3 g6 6. Nbd2 Bg7 7. Be2 O-O 8. Qc2
Nc6 9. Rd1 cxd4 10. exd4 Rc8 11. Qb1 d6 12. O-O Nd5 13. Bg3 h6 14. Bh4 Nf4 15.
Rfe1 Nxe2+ 16. Rxe2 Qd7 17. Bg3 Ba6 18. Ree1 f5 19. h3 Rce8 20. d5 Ne5 21. Nxe5
dxe5 22. Bxe5 Qxd5 23. Bxg7 Kxg7 24. Nf3 Qa8 25. Rd7 Rf7 26. Qd1 Bb5 27. Qd4+
Kg8 28. Rc7 Rd8 29. Qe5 Rd5 30. Qe3 f4 31. Qe6 Kg7 32. Ne5 Rd6 33. Qxf7+ 1-0

[Event "London Classic Open 2015"]
[Site "London ENG"]
[Date "2015.12.06"]
[Round "4.97"]
[White "Turner, David J"]
[Black "Vachtfeidl, Petr"]
[Result "0-1"]
[WhiteElo "1811"]
[BlackElo "1983"]
[WhiteFideId "419737"]
[BlackFideId "315028"]
[EventDate "2015.12.04"]

1. e4 c5 2. Nf3 e6 3. d3 Nc6 4. g3 Nge7 5. Bg2 g6 6. O-O Bg7 7. Nbd2 O-O 8. Re1
d6 9. a3 Qc7 10. Rb1 a5 11. c4 a4 12. Nf1 Bd7 13. Bd2 Na5 14. h4 b5 15. Qe2 Nb3
16. Bc3 e5 17. h5 Nd4 18. Bxd4 exd4 19. N3d2 Rab8 20. f4 Nc6 21. cxb5 Na5 22.
hxg6 hxg6 23. g4 Rxb5 24. e5 dxe5 25. fxe5 Re8 26. Nc4 Nxc4 27. dxc4 Rb3 28. Bd5
Rxe5 29. Qg2 Qd6 30. Re4 Rxe4 31. Qxe4 Qe5 32. Qg2 Bh6 33. Qf2 Be6 34. Re1 Be3
35. Nxe3 dxe3 36. Qg2 Rxb2 37. Qh3 Bxg4 0-1

[Event "London Classic Open 2015"]
[Site "London ENG"]
[Date "2015.12.06"]
[Round "4.98"]
[White "York-Andersen, Anna"]
[Black "McKerracher, Douglas"]
[Result "0-1"]
[WhiteElo "1803"]
[BlackElo "1972"]
[WhiteFideId "416789"]
[BlackFideId "2401002"]
[EventDate "2015.12.04"]

1. e4 d5 2. exd5 Qxd5 3. Nc3 Qa5 4. Bc4 Nf6 5. d3 Bg4 6. f3 Bf5 7. Bd2 Qb6 8.
Bb3 e6 9. g4 Bg6 10. h4 h6 11. Qe2 Nbd7 12. O-O-O O-O-O 13. h5 Bh7 14. Be3 Qa5
15. Ne4 Nd5 16. Bd2 Qb6 17. Bxd5 exd5 18. Nc3 d4 19. Ne4 Qa6 20. Kb1 Nb6 21. c3
dxc3 22. Bxc3 Na4 23. Be5 f6 24. Bf4 c6 25. d4 Qb6 26. Ka1 Bxe4 27. fxe4 Rxd4
28. Rxd4 Qxd4 29. Nf3 Qb4 30. Rd1 Bc5 31. Qd2 Qxd2 32. Rxd2 Re8 33. e5 Be7 34.
Kb1 Nc5 35. Re2 Bd8 36. Be3 Nd3 37. Bd4 fxe5 38. Nxe5 Nxe5 39. Rxe5 Rxe5 40.
Bxe5 Bf6 41. Bf4 Kd7 42. Kc2 Ke6 43. b3 Kd5 44. Kd3 c5 45. a4 b6 46. Bd2 a6 47.
Bc1 b5 48. axb5 axb5 49. Ke2 Ke4 50. Be3 c4 51. bxc4 bxc4 52. Bc1 c3 53. Be3 Bg5 0-1

[Event "London Classic Open 2015"]
[Site "London ENG"]
[Date "2015.12.06"]
[Round "4.99"]
[White "Verma, Aditya"]
[Black "Shepley, Julien M"]
[Result "0-1"]
[WhiteElo "1805"]
[BlackElo "1968"]
[WhiteFideId "426202"]
[BlackFideId "403210"]
[EventDate "2015.12.04"]

1. e4 d5 2. exd5 Qxd5 3. Nf3 Bg4 4. Be2 Nc6 5. d4 O-O-O 6. Be3 Nf6 7. O-O e6 8.
c4 Qf5 9. Nc3 Bd6 10. Nb5 a6 11. Nxd6+ Rxd6 12. c5 Rd7 13. Qa4 Bxf3 14. Bxf3 Nd5
15. b4 e5 16. dxe5 Nxe5 17. Bxd5 Rxd5 18. b5 Qg4 19. f4 Qe2 20. Qe4 Qd3 21. Qxd3
Nxd3 22. bxa6 bxa6 23. c6 Re8 24. Ba7 Re6 25. Rab1 Rxc6 26. Rb8+ Kd7 27. Rg8 g6
28. Rg7 Rf6 29. Rxh7 Nxf4 30. g3 Ne2+ 31. Kg2 Rdf5 32. Rd1+ Rd6 33. Re1 Rd2 34.
Be3 Rxa2 0-1

[Event "London Classic Open 2015"]
[Site "London ENG"]
[Date "2015.12.06"]
[Round "4.100"]
[White "Mohnblatt, Daniel"]
[Black "Prior, Stephen C V"]
[Result "1/2-1/2"]
[WhiteElo "1766"]
[BlackElo "1959"]
[WhiteFideId "648582"]
[BlackFideId "423378"]
[EventDate "2015.12.04"]

1. d4 d5 2. c4 c6 3. Nc3 Nf6 4. e3 e6 5. Nf3 Nbd7 6. Qc2 b6 7. Be2 Bb7 8. O-O
Bd6 9. Rd1 Qe7 10. b3 O-O 11. e4 dxe4 12. Nxe4 Bc7 13. a4 c5 14. Nxf6+ Nxf6 15.
dxc5 bxc5 16. Bb2 Ne4 17. Bd3 f5 18. Re1 e5 19. Re3 Rae8 20. Rae1 Qf6 21. Qe2
Ba5 22. Bxe4 fxe4 23. Nd2 Bxd2 24. Qxd2 Rd8 25. Qc2 Rd3 26. Rxd3 exd3 27. Qd2
Qg6 28. f4 e4 29. Be5 Rd8 30. Re3 Qb6 31. Qd1 Rd7 32. Bc3 Qd8 33. Qd2 Qb6 34.
Qb2 d2 35. Bxd2 Qd6 36. Re2 Qd3 37. Be3 Qd1+ 38. Kf2 Rd8 39. Rd2 1/2-1/2

[Event "London Classic Open 2015"]
[Site "London ENG"]
[Date "2015.12.06"]
[Round "4.101"]
[White "Chen, Meng Boon Marcus"]
[Black "Wright, Jonathan ENG"]
[Result "0-1"]
[WhiteElo "1715"]
[BlackElo "1923"]
[WhiteFideId "5812470"]
[BlackFideId "418331"]
[EventDate "2015.12.04"]

1. c4 Nf6 2. Nc3 g6 3. e4 d6 4. g3 c5 5. Bg2 Nc6 6. Nge2 Be6 7. d3 Bg7 8. Nd5
O-O 9. O-O Rb8 10. a4 Bxd5 11. cxd5 Nb4 12. Nc3 b6 13. f4 Nd7 14. Be3 a6 15. Qd2
Nf6 16. Bh3 Qc7 17. Rac1 b5 18. f5 Nd7 19. Nxb5 axb5 20. Qxb4 Ne5 21. Qd2 bxa4
22. d4 Nd7 23. e5 Qb7 24. f6 exf6 25. Bxd7 cxd4 26. Bxd4 fxe5 27. Bc6 Qb3 28.
Bc3 f5 29. Qc2 Qb6+ 30. Qf2 Bh6 31. Qxb6 Rxb6 32. Ra1 Be3+ 33. Kg2 h5 34. h4
Rfb8 35. Rxa4 Rxb2+ 36. Bxb2 Rxb2+ 37. Kf3 Bc5 38. Raa1 e4+ 39. Kf4 Kg7 40. Rab1
Rd2 41. Rb7+ Kh6 42. Rb3 Bd4 43. Rbb1 Re2 44. Rb3 Be5# 0-1

[Event "London Classic Open 2015"]
[Site "London ENG"]
[Date "2015.12.06"]
[Round "4.102"]
[White "White, David J"]
[Black "De Lagontrie, Jean"]
[Result "1/2-1/2"]
[WhiteElo "1921"]
[BlackElo "1776"]
[WhiteFideId "402931"]
[BlackFideId "605271"]
[EventDate "2015.12.04"]

1. e4 e6 2. d4 d5 3. e5 c5 4. c3 Nc6 5. Nf3 Qb6 6. Bd3 cxd4 7. cxd4 Bd7 8. O-O
Nxd4 9. Nxd4 Qxd4 10. Nc3 a6 11. Qe2 Ne7 12. Kh1 Nc6 13. f4 Nb4 14. Rd1 Nxd3 15.
Rxd3 Qc4 16. b3 Qc7 17. Bd2 b5 18. Rc1 Qb7 19. f5 b4 20. Nxd5 exd5 21. e6 fxe6
22. Qh5+ Kd8 23. Qf7 Be7 24. Qxg7 Re8 25. f6 Bb5 26. Rf3 Bc6 27. fxe7+ Kd7 28.
Re1 Rac8 29. Rf7 Bb5 30. Qe5 Qc6 31. Bxb4 Bd3 32. Rf8 Bf5 33. h3 h5 34. Ba5 Qd6
35. Qxd6+ Kxd6 36. Bd8 Bg6 37. Rf6 Bf5 38. Rf8 Bg6 39. Ref1 d4 40. Rd1 Kd5 41.
Rd2 e5 42. Rf6 Be4 43. Rf8 Bg6 44. Rf6 Be4 45. Rxa6 Rcxd8 46. Ra5+ Ke6 47.
exd8=Q Rxd8 48. b4 d3 49. Rc5 Rd4 50. a3 Bd5 51. Kg1 Kf5 52. Kf2 Ke4 53. Rc3 Bc4
54. a4 h4 55. b5 Kf4 56. b6 e4 57. Ke1 Ba6 58. Rc7 Ke3 59. Rc1 Rxa4 60. Rb2 Rd4
61. Rd2 1/2-1/2

[Event "London Classic Open 2015"]
[Site "London ENG"]
[Date "2015.12.06"]
[Round "4.103"]
[White "Lochte, Szilvia"]
[Black "Pattni, Kishan"]
[Result "1-0"]
[WhiteElo "1914"]
[BlackElo "1679"]
[WhiteFideId "708410"]
[BlackFideId "420751"]
[EventDate "2015.12.04"]

1. d4 Nf6 2. Nf3 e6 3. Bf4 d5 4. e3 Bd6 5. Bg3 O-O 6. Bd3 Re8 7. Nbd2 c5 8. c3
Nc6 9. Ne5 cxd4 10. exd4 Qc7 11. f4 Ne7 12. Bh4 Nd7 13. Bxh7+ Kf8 14. Qh5 Bxe5
15. fxe5 Ng8 16. O-O f6 1-0

[Event "London Classic Open 2015"]
[Site "London ENG"]
[Date "2015.12.06"]
[Round "4.104"]
[White "Stokes, Paul C"]
[Black "Chen, Yi Jing Alvin"]
[Result "1/2-1/2"]
[WhiteElo "1884"]
[BlackElo "1621"]
[WhiteFideId "419010"]
[BlackFideId "5804051"]
[EventDate "2015.12.04"]

1. d4 d5 2. c4 c6 3. Nf3 Nf6 4. e3 a6 5. Bd3 Qb6 6. O-O g6 7. Nc3 Bf5 8. Bxf5
gxf5 9. b3 e6 10. Qc2 Rg8 11. Bb2 Nbd7 12. a4 Rc8 13. a5 Qc7 14. Ba3 Bxa3 15.
Rxa3 Ke7 16. Ra4 Qb8 17. Qa2 Rg4 18. Qa3+ Ke8 19. Rb4 Qc7 20. Ne5 Nxe5 21. dxe5
c5 22. Rb6 Nd7 23. Qa4 Kf8 24. h3 Rh4 25. f4 Nxb6 26. axb6 Qxb6 27. cxd5 c4 28.
dxe6 fxe6 29. Qa3+ Kf7 30. bxc4 Qxe3+ 31. Kh1 Rxc4 32. Qd6 Qc5 33. Qd8 Qe7 34.
Qd2 Qc7 35. Rf3 Qc6 36. Kh2 Rhxf4 37. Rxf4 Rxc3 38. Qd8 Rc2 39. Qf6+ Ke8 40.
Qh8+ Ke7 41. Qf6+ Ke8 42. Qh8+ Ke7 1/2-1/2